[Event "Match"]
[Site "www.echecsemail.com"]
[Date "2017.06.17"]
[Round "1"]
[White "Cjood"]
[Black "Raulazo"]
[WhiteElo "2000"]
[BlackElo "1860"]
[Result "0-1"]
[Round "1"]
1.c4 e5
2.e3 c5
3.Nb1c3 Ng8f6
4.Bf1e2 b6
5.Be2f3 Nb8c6
6.Ng1e2 Ra8b8
7.d3 Nc6e7
8.O-O g6
9.Bc1d2 Bf8g7
10.Ra1c1 Bc8b7
11.e4 O-O
12.Nc3b5 a6
13.Nb5c3 Bb7c6
14.b3 b5
15.cxb5 axb5
16.Bd2e3 d6
17.h3 b4
18.Nc3b1 Rb8a8
19.Qd1c2 Bc6b5
20.Rf1d1 Nf6d7
21.Nb1d2 f5
22.exf5 Ne7xf5
23.Bf3xa8 Qd8xa8
24.Be3g5 h6
25.Bg5e3 Nf5h4
26.Nd2e4 d5
27.Ne4xc5 d4
28.Be3d2 Qa8xg2
{ resign }
0-1

[Event "Match"]
[Site "www.echecsemail.com"]
[Date "2017.06.17"]
[Round "1"]
[White "Mrmoto"]
[Black "Azocarfreund"]
[WhiteElo "1690"]
[BlackElo "1399"]
[Result "0-1"]
[Round "1"]
1.e4 e5
2.Ng1f3 Nb8c6
3.Bf1b5 Nc6d4
4.Nf3xd4 exd4
5.d3 Qd8e7
6.f4 Qe7b4
7.Bc1d2 Qb4xb5
8.O-O Qb5xb2
{ resign }
0-1

[Event "Match"]
[Site "www.echecsemail.com"]
[Date "2017.06.17"]
[Round "1"]
[White "Motorhead99"]
[Black "Cjood"]
[WhiteElo "1890"]
[BlackElo "1860"]
[Result "0-1"]
[Round "1"]
1.d4 Ng8f6
2.e3 g6
3.Bf1d3 Bf8g7
4.Nb1d2 c6
5.c3 d5
6.f4 Bc8g4
7.Ng1f3 Nb8d7
8.O-O Qd8c7
9.h3 Bg4h5
10.g4 Bh5xg4
11.hxg4 Nf6xg4
12.Qd1e2 O-O-O
13.Nf3e5 Ng4xe5
14.fxe5 f5
15.Nd2f3 e6
16.Nf3g5 Nd7f8
17.b3 h6
18.Ng5h3 g5
19.Nh3f2 g4
20.Kg2 h5
21.e4 dxe4
22.Nf2xe4 fxe4
23.Qe2xe4 Qc7e7
24.a4 Nf8h7
25.Bc1a3 Qe7h4
26.Rf1h1 Qh4g5
27.Ba3c1 Qg5e7
28.Rh1xh5 Nh7f8
29.Rh5xh8 Bg7xh8
30.Qe4xg4 c5
31.Bc1g5 Qe7g7
32.Qg4g3 Rd8d5
33.Bd3e4 Rd5d7
34.dxc5 Qg7xe5
35.Qg3xe5 Bh8xe5
36.Ra1c1 Rd7g7
{ resign }
0-1

[Event "Match"]
[Site "www.echecsemail.com"]
[Date "2017.06.17"]
[Round "1"]
[White "Orae"]
[Black "Whitekknight"]
[WhiteElo "1710"]
[BlackElo "1950"]
[Result "0-1"]
[Round "1"]
1.e4 e5
2.Ng1f3 Nb8c6
3.Bf1c4 h6
4.c3 Ng8f6
5.d3 d6
6.Qd1b3 Qd8e7
7.Nb1d2 a6
8.Nd2f1 Nc6a5
9.Qb3a4 Na5c6
10.Bc4d5 Bc8d7
11.Bd5xc6 Bd7xc6
12.Qa4b4 Qe7d7
13.Nf1g3 d5
14.Qb4b3 dxe4
15.Nf3xe5 Qd7d5
16.Qb3xd5 Bc6xd5
17.dxe4 Nf6xe4
18.O-O Ne4d6
19.Rf1e1 O-O-O
20.Bc1f4 Bd5e6
21.Ne5f3 Be6g4
22.Nf3e5 Bg4e6
23.Ne5f3 Bf8e7
24.Bf4xd6 Be7xd6
25.Ng3e4 Bd6e7
26.Nf3d4 Rh8e8
27.a4 Be6d5
28.Ne4g3 Be7h4
29.Ng3f5 Bh4f6
30.Nf5e3 Re8e5
31.Ra1d1 Re5e4
32.Nd4f5 Re4e5
33.Nf5d4 Rd8e8
34.Nd4c2 Bd5b3
35.Rd1d2 Bf6g5
36.Nc2d4 Bb3xa4
37.b3 Ba4d7
38.Nd4f3 Bg5xe3
39.fxe3 Re5xe3
40.Re1d1 Re8e7
41.Rd1c1 Bd7c6
42.Nf3h4 Bc6e4
43.Rc1d1 Re7e8
44.Kf2 Re3xc3
45.b4 Rc3c6
46.Rd2d7 Rc6f6
47.Kg3 b5
48.Rd7d2 Kb7
49.Rd1e1 Rf6e6
50.Re1d1 g5
51.Nh4f3 Be4xf3
52.gxf3 Re6d6
53.Kg4 Rd6xd2
54.Rd1xd2 Re8e6
55.Rd2d7 Re6f6
56.Rd7d8 Rf6f4
57.Kg3 Rf4xb4
58.Rd8d7 Rb4f4
59.Rd7d8 b4
60.Rd8d1 a5
61.Rd1b1 c5
62.h4 f6
63.Rb1a1 Kb6
64.h5 c4
{ resign }
0-1

[Event "Match"]
[Site "www.echecsemail.com"]
[Date "2017.06.17"]
[Round "1"]
[White "Cjood"]
[Black "Mitja"]
[WhiteElo "1800"]
[BlackElo "2100"]
[Result "1-0"]
[Round "1"]
1.e4 d5
2.e5 e6
3.d4 h6
4.Ng1f3 a6
5.c3 Ng8e7
6.Bf1d3 Nb8d7
7.Bc1e3 Nd7b6
8.Nb1d2 c6
9.b3 Ne7f5
10.Bd3xf5 exf5
11.g3 Bf8a3
12.Qd1c2 Ba3e7
13.h4 g6
14.a4 a5
15.Be3f4 Bc8e6
16.Nf3h2 g5
17.hxg5 hxg5
18.Bf4e3 g4
19.f4 gxf3
20.Nd2xf3 Qd8d7
21.Nf3g5 O-O-O
22.O-O-O Rd8g8
23.Nh2f3 Rh8xh1
24.Rd1xh1 f6
25.exf6 Be7xf6
26.Rh1h7 Qd7d6
27.Ng5xe6 Qd6xe6
28.Be3f4 Nb6d7
29.Nf3h4 Bf6xh4
30.gxh4 Rg8g1
31.Kb2 Qe6e1
32.Rh7h8 Nd7f8
33.Qc2xf5 Kd8
34.Qf5xf8 { resign }
1-0

[Event "Match"]
[Site "www.echecsemail.com"]
[Date "2017.06.17"]
[Round "1"]
[White "Cjood"]
[Black "Pinehill"]
[WhiteElo "1970"]
[BlackElo "2010"]
[Result "0-1"]
[Round "1"]
1.e4 d5
2.e5 c5
3.d4 Nb8c6
4.Bf1b5 cxd4
5.Qd1xd4 Bc8f5
6.Bb5xc6 bxc6
7.Nb1a3 e6
8.h4 Bf8xa3
9.bxa3 Ng8e7
10.Qd4c3 O-O
11.Bc1g5 h6
12.Bg5xe7 Qd8xe7
13.f3 c5
14.g4 Bf5h7
15.Ng1e2 a5
16.a4 Rf8b8
17.h5 Rb8b4
18.a3 Rb4c4
19.Qc3b3 Rc4xc2
20.Kf2 c4
21.Qb3e3 Ra8b8
22.Kg3 Rb8b3
23.Qe3f2 Rb3b2
24.Rh1e1 Bh7d3
25.Qf2d4 Rc2xe2
26.Re1xe2 Rb2xe2
27.Qd4b6 Re2xe5
28.Qb6xa5 Kh7
29.Qa5b6 Qe7f6
30.a5 Re5xh5
31.gxh5 Qf6xa1
32.a6 c3
33.a7 Qa1xa3
34.Qb6b7 c2
{ resign }
0-1

[Event "Match"]
[Site "www.echecsemail.com"]
[Date "2017.06.17"]
[Round "1"]
[White "Pellix84"]
[Black "Coraza8091"]
[WhiteElo "2020"]
[BlackElo "1450"]
[Result "1-0"]
[Round "1"]
1.d4 d5
2.c4 dxc4
3.e3 Bc8f5
4.Bf1xc4 Bf5xb1
5.Ra1xb1 Ng8f6
6.Qd1b3 e6
7.Qb3xb7 Nb8d7
8.a3 Bf8d6
9.Bc1d2 O-O
10.Ng1f3 Nd7b6
11.b3 Bd6xa3
12.O-O Nf6e4
13.Qb7xe4 g6
14.Rb1a1 Ba3b2
15.Ra1a2 Nb6xc4
16.bxc4 Qd8b8
17.Rf1b1 Rf8e8
18.Ra2xb2 Qb8d8
19.Bd2c3 f5
20.Qe4e5 Qd8d6
21.Nf3g5 Qd6e7
22.d5 h6
23.Qe5h8 { resign }
1-0

[Event "1/128 Finale"]
[Site "www.chess-mail.com"]
[Date "2017.06.17"]
[Round "1"]
[White "Hennie4820"]
[Black "Astroboy"]
[WhiteElo "2060"]
[BlackElo "2020"]
[Result "1/2-1/2"]
[Round "1"]
1.e4 c6
2.d4 d5
3.Nb1d2 dxe4
4.Nd2xe4 Bc8f5
5.Ne4g3 Bf5g6
6.Ng1f3 h6
7.Bf1d3 Bg6xd3
8.Qd1xd3 Ng8f6
9.O-O e6
10.Bc1f4 Nb8d7
11.c4 Bf8e7
12.Rf1e1 O-O
13.Ra1d1 b5
14.b3 Qd8a5
{ draw }
1/2-1/2

[Event "Fast Game"]
[Site "www.echecsemail.com"]
[Date "2017.06.17"]
[Round "1"]
[White "Cjood"]
[Black "Whitebishop"]
[WhiteElo "1760"]
[BlackElo "1599"]
[Result "0-1"]
[Round "1"]
1.c4 e5
2.e3 d6
3.Nb1c3 f5
4.d3 Ng8f6
5.Bf1e2 Bf8e7
6.f3 O-O
7.Bc1d2 Nb8c6
8.b3 d5
9.cxd5 Nf6xd5
10.Nc3xd5 Qd8xd5
11.Bd2c3 Qd5c5
12.Qd1d2 Be7g5
13.d4 exd4
14.Be2c4 Kh8
15.Bc3b2 Bg5xe3
16.Qd2e2 Be3xg1
17.Rh1xg1 d3
18.Bb2xg7 Kxg7
19.Qe2b2 Rf8f6
20.O-O-O b5
{ resign }
0-1

[Event "Tourn. n9423"]
[Site "www.chess-mail.com"]
[Date "2017.06.18"]
[Round "1"]
[White "Bojan"]
[Black "Mitja"]
[WhiteElo "2000"]
[BlackElo "2120"]
[Result "0-1"]
[Round "1"]
1.e4 d5
2.exd5 Qd8xd5
3.Ng1f3 e6
4.Nb1c3 Qd5d8
5.g3 c6
6.Bf1g2 Ng8f6
7.d3 h6
8.Qd1e2 Nb8d7
9.a3 Nd7b6
10.b3 Bf8e7
11.O-O O-O
12.Bc1f4 Nb6d5
13.Bf4e5 Be7d6
14.Nc3xd5 Bd6xe5
15.Nd5xf6 Be5xf6
16.Ra1d1 Qd8c7
17.h4 Bc8d7
18.d4 Ra8d8
19.Nf3h2 Rf8e8
20.Nh2g4 Bf6e7
21.b4 a5
22.c3 axb4
23.axb4 Be7d6
24.Kh2 e5
25.Ng4xe5 Bd6xe5
26.dxe5 Re8xe5
27.Qe2b2 Rd8e8
28.Rd1d2 b5
29.Rf1d1 Re5e7
30.Rd2d4 Bd7e6
31.Rd4d6 Be6d5
32.Rd6xd5 cxd5
33.Rd1xd5 Re7e2
34.Rd5d2 Re2xd2
35.Qb2xd2 Re8c8
36.Qd2d3 Qc7xc3
37.Qd3xb5 Qc3e1
38.Qb5f5 Rc8c1
39.Bg2d5 Qe1e7
40.b5 Rc1e1
41.b6 Re1e5
42.Qf5c8 Kh7
43.b7 Re5xd5
44.b8Q Rd5e5
45.Qc8h8 Kg6
46.Qb8b1 f5
47.Qb1c1 Qe7d7
48.Qh8c8 Qd7e7
49.Qc1c6 Kh5
50.Qc6f3 Kg6
51.Qc8c6 Re5e6
52.Qc6c2 Re6e5
53.Kh3 Qe7e6
54.Qf3c6 Kf6
55.Qc6xe6 Re5xe6
56.Kg2 g6
57.Qc2d3 h5
58.Qd3d4 Kf7
59.Kf3 Re6e7
60.Kf4 Re7e4
61.Kg5 Re4xd4
62.f3 Kg7
63.f4 Kf7
64.g4 fxg4
{ resign }
0-1

[Event "Tourn. n9232"]
[Site "www.chess-mail.com"]
[Date "2017.06.18"]
[Round "1"]
[White "Stepanpech"]
[Black "Tartan"]
[WhiteElo "2220"]
[BlackElo "2390"]
[Result "1-0"]
[Round "1"]
1.e4 e6
2.d4 d5
3.e5 c5
4.c3 Nb8c6
5.Ng1f3 Bc8d7
6.Bf1e2 f6
7.O-O Qd8c7
8.Bc1f4 Ng8e7
9.Be2d3 f5
10.Bf4c1 Ne7g6
11.h4 Bf8e7
12.g3 O-O
13.Nb1a3 cxd4
14.cxd4 Qc7b6
15.Na3c2 Ng6h8
16.Bc1d2 Bd7e8
17.Nf3g5 Be8d7
18.Qd1h5 h6
19.Ng5h3 Ra8c8
20.Bd2e3 Nc6d8
21.Rf1b1 Bd7b5
22.Nc2e1 Bb5e8
23.Qh5e2 Nd8c6
24.Ne1c2 Nh8g6
25.h5 f4
26.hxg6 fxe3
27.fxe3 Be8d7
28.b3 Qb6a5
29.g4 a6
30.g5 Nc6b4
31.Nc2xb4 Qa5xb4
32.a3 Qb4c3
33.gxh6 gxh6
34.Rb1f1 { resign }
1-0

[Event "Tourn. n9406"]
[Site "www.chess-mail.com"]
[Date "2017.06.18"]
[Round "1"]
[White "Andychesston"]
[Black "Cristiano"]
[WhiteElo "1990"]
[BlackElo "1930"]
[Result "1-0"]
[Round "1"]
1.e4 e5
2.Ng1f3 Nb8c6
3.d4 exd4
4.Nf3xd4 d6
5.Nb1c3 Ng8f6
6.Bc1g5 Bf8e7
7.Nd4xc6 bxc6
8.f3 O-O
9.Qd1d2 Bc8e6
10.O-O-O a5
11.h3 a4
12.b3 a3
13.Bf1d3 Nf6h5
14.h4 f6
15.Bg5e3 { resign }
1-0

[Event "Tourn. n9406"]
[Site "www.chess-mail.com"]
[Date "2017.06.18"]
[Round "1"]
[White "Cristiano"]
[Black "Esperanza"]
[WhiteElo "1930"]
[BlackElo "1830"]
[Result "0-1"]
[Round "1"]
1.f4 d5
2.Ng1f3 e6
3.d3 Ng8f6
4.Nb1c3 Bf8b4
5.e3 b6
6.Bc1d2 Bc8b7
7.Bf1e2 Nb8d7
8.a3 Bb4d6
9.O-O e5
10.fxe5 Nd7xe5
11.d4 Ne5g6
12.Qd1e1 O-O
13.Be2d3 Nf6e4
14.Nc3b5 Bd6e7
15.c4 a6
{ resign }
0-1

[Event "Tourn. n9356"]
[Site "www.chess-mail.com"]
[Date "2017.06.18"]
[Round "1"]
[White "Azulmarino"]
[Black "Quaff"]
[WhiteElo "1560"]
[BlackElo "1539"]
[Result "0-1"]
[Round "1"]
1.e4 e5
2.Ng1f3 d6
3.Bf1c4 h6
4.Nb1c3 Ng8f6
5.d3 Bf8e7
6.Bc1e3 a6
7.h3 b5
8.Bc4b3 O-O
9.Qd1d2 Nf6h7
10.O-O-O c5
11.Bb3d5 Ra8a7
12.Be3xh6 gxh6
13.Qd2xh6 Be7g5
14.Nf3xg5 Qd8xg5
15.Qh6xg5 Nh7xg5
16.h4 Ng5h7
17.f3 Nh7f6
18.g4 Bc8b7
19.Bd5xb7 Ra7xb7
20.b3 Nf6h7
21.Nc3d5 Nb8c6
22.Nd5e3 Nc6d4
23.Rd1f1 Nd4e2
24.Kd2 Ne2f4
25.Ne3f5 Rf8d8
26.g5 Nf4h5
27.Nf5h6 Kg7
28.Rh1g1 Kg6
29.Nh6g4 a5
30.Rf1b1 Rd8b8
31.Ng4e3 a4
32.Ne3d5 axb3
33.axb3 Nh7f8
34.Rb1f1 Nf8e6
35.Rf1a1 Ne6f4
36.Nd5xf4 Nh5xf4
37.Rg1g4 Rb7d7
38.c4 bxc4
39.bxc4 Rb8b3
40.Ra1a8 Rb3xd3
41.Kc2 Kg7
42.Rg4g3 Rd3d4
43.Ra8a4 Rd7b7
44.Kc3 Nf4e2
45.Kc2 Ne2xg3
46.Ra4a1 Rd4xc4
47.Kd3 Rc4d4
48.Kc3 Rb7b4
49.Ra1g1 Ng3e2
{ resign }
0-1

[Event "Tourn. n9408"]
[Site "www.chess-mail.com"]
[Date "2017.06.18"]
[Round "1"]
[White "Claymil"]
[Black "Cjood"]
[WhiteElo "2070"]
[BlackElo "1840"]
[Result "0-1"]
[Round "1"]
1.c4 Ng8f6
2.Nb1c3 c5
3.g3 d5
4.cxd5 Nf6xd5
5.Bf1g2 Nd5xc3
6.bxc3 g6
7.Qd1c2 Nb8c6
8.e3 Bf8g7
9.d4 cxd4
10.cxd4 Nc6xd4
11.exd4 Qd8xd4
12.Ra1b1 Bc8f5
13.Qc2b3 Bf5xb1
14.Qb3xb1 O-O
15.Ng1e2 Qd4d7
16.O-O Ra8b8
17.Bc1f4 e5
18.Bf4e3 b6
19.Rf1d1 Qd7g4
20.f3 Qg4c4
21.Kf2 f5
22.Bg2f1 e4
23.Ne2f4 Qc4f7
24.Be3d4 g5
25.Nf4g2 Bg7xd4
26.Rd1xd4 exf3
27.Bf1c4 fxg2
28.Bc4xf7 Rf8xf7
29.Rd4d5 Rb8f8
30.Kxg2 Rf8e8
31.Rd5xf5 Re8e2
32.Kh3 Rf7g7
33.Qb1b5 g4
{ resign }
0-1

[Event "Tourn. n9385"]
[Site "www.chess-mail.com"]
[Date "2017.06.18"]
[Round "1"]
[White "Bjonil60"]
[Black "Astroboy"]
[WhiteElo "1470"]
[BlackElo "2079"]
[Result "0-1"]
[Round "1"]
1.d4 Ng8f6
2.e3 c5
3.Nb1c3 cxd4
4.Nc3e2 dxe3
5.fxe3 d5
6.Ne2d4 e5
7.Nd4f3 Bf8d6
8.Qd1e2 Nb8c6
9.Bc1d2 Bc8g4
10.O-O-O e4
11.Qe2b5 exf3
12.gxf3 Bg4d7
13.Qb5xb7 Ra8b8
14.Qb7a6 O-O
15.Qa6d3 Rf8e8
16.Bf1g2 Nc6b4
17.Qd3e2 Qd8a5
18.a3 Nb4a2
19.Kb1 Rb8xb2
20.Kxb2 Qa5xa3
21.Kb1 Re8b8
22.Ka1 Na2c1

0-1

[Event "Tourn. n9285"]
[Site "www.chess-mail.com"]
[Date "2017.06.18"]
[Round "1"]
[White "Pdebonis"]
[Black "Ejner"]
[WhiteElo "2580"]
[BlackElo "2360"]
[Result "1-0"]
[Round "1"]
1.e4 e5
2.Ng1f3 Nb8c6
3.Bf1c4 Bf8c5
4.b4 Bc5xb4
5.c3 Bb4e7
6.d4 Nc6a5
7.Nf3xe5 Na5xc4
8.Ne5xc4 d5
9.exd5 Qd8xd5
10.Nc4e3 Qd5a5
11.O-O Ng8f6
12.c4 O-O
13.Bc1d2 Qa5a6
14.Qd1f3 c6
15.a4 Rf8d8
16.Bd2c3 Bc8e6
17.Nb1d2 Qa6b6
18.Ra1b1 Qb6c7
19.d5 cxd5
20.Bc3xf6 Be7xf6
21.cxd5 Be6d7
22.Rf1c1 Qc7a5
23.Nd2e4 Bf6d4
24.Ne4d6 Rd8f8
25.Ne3f5 Bd7xf5
26.Nd6xf5 Bd4f6
27.Rb1xb7 Qa5xa4
28.Nf5h6 Kh8
29.Nh6xf7 Kg8
30.d6 Qa4a2
31.g3 a5
32.Rc1c7 Qa2a1
33.Kg2 a4
34.Nf7h6 Kh8
35.Qf3d5 { resign }
1-0

[Event "Tourn. n9294"]
[Site "www.chess-mail.com"]
[Date "2017.06.18"]
[Round "1"]
[White "Rookie"]
[Black "Osmundw"]
[WhiteElo "1380"]
[BlackElo "1420"]
[Result "0-1"]
[Round "1"]
1.e4 e6
2.Nb1c3 b6
3.d3 Bc8b7
4.Bc1f4 f6
5.Qd1f3 e5
6.Bf4g3 Bf8d6
7.O-O-O a5
8.d4 Nb8c6
9.dxe5 Nc6xe5
10.Bg3xe5 Bd6xe5
11.Nc3d5 c6
12.Nd5c3 b5
13.g3 Ng8e7
14.Ng1e2 b4
15.Qf3f5 Ne7xf5
16.exf5 bxc3
17.Ne2xc3 a4
18.Bf1c4 d5
19.Bc4d3 Qd8a5
20.f4 Be5xc3
 { time }
0-1

[Event "Tourn. n9398"]
[Site "www.chess-mail.com"]
[Date "2017.06.18"]
[Round "1"]
[White "Cjood"]
[Black "Pachi"]
[WhiteElo "1900"]
[BlackElo "1610"]
[Result "1-0"]
[Round "1"]
1.e4 e5
2.Ng1f3 Nb8c6
3.Bf1c4 h6
4.c3 Qd8e7
5.O-O Ng8f6
6.Rf1e1 Qe7c5
7.Bc4b3 Nf6g4
8.d4 exd4
9.cxd4 Qc5h5
10.h3 Ng4f6
11.Bc1f4 Bf8d6
12.Bf4xd6 cxd6
13.e5 dxe5
14.dxe5 Nf6g8
15.Nb1c3 Ng8e7
16.Nc3b5 O-O
17.Nb5d6 Nc6d8
18.Nd6xc8 Ra8xc8
19.Qd1xd7 Nd8c6
20.Qd7xb7 a5
21.Ra1d1 Kh8
22.Rd1d7 f6
23.exf6 gxf6
24.Re1xe7 Nc6xe7
25.Rd7xe7 Rc8c1
26.Kh2 Rf8e8
27.Re7h7 
1-0

[Event "Tourn. n9309"]
[Site "www.chess-mail.com"]
[Date "2017.06.18"]
[Round "1"]
[White "Szustan"]
[Black "Sbb"]
[WhiteElo "2630"]
[BlackElo "2510"]
[Result "1/2-1/2"]
[Round "1"]
1.e4 e5
2.Ng1f3 Ng8f6
3.d4 Nf6xe4
4.Bf1d3 d5
5.Nf3xe5 Nb8d7
6.Ne5f3 Bf8d6
7.c4 Bd6b4
8.Nb1d2 O-O
9.O-O Nd7f6
10.cxd5 Ne4xd2
11.Bc1xd2 Bb4xd2
12.Qd1xd2 Qd8xd5
13.Ra1c1 c6
14.Bd3c4 Qd5d6
15.Rf1e1 Bc8f5
16.Nf3e5 Bf5e4
17.Rc1d1 Be4d5
18.b3 Rf8e8
19.Qd2a5 g6
20.h3 Kg7
21.Re1e3 b6
22.Qa5d2 b5
23.Bc4e2 Nf6e4
24.Qd2c1 b4
25.Rd1e1 Ne4c3
26.Qc1d2 Ra8d8
27.Be2c4 Bd5xc4
28.Ne5xc4 Qd6d7
29.Re3xe8 Rd8xe8
30.Re1xe8 Qd7xe8
31.a4 { draw }
1/2-1/2

[Event "Tourn. n9420"]
[Site "www.chess-mail.com"]
[Date "2017.06.18"]
[Round "1"]
[White "Balbyns"]
[Black "Bojan"]
[WhiteElo "2030"]
[BlackElo "2010"]
[Result "1-0"]
[Round "1"]
1.e4 e5
2.Ng1f3 d6
3.Bf1c4 h6
4.Nb1c3 c6
5.d4 Qd8f6
6.dxe5 dxe5
7.O-O Bf8e7
8.a4 a5
9.Qd1d3 Qf6g6
10.Nf3xe5 Qg6f6
11.Ne5xf7 Bc8e6
12.Bc4xe6 Qf6xe6
13.Nf7xh8 Be7f6
14.Rf1e1 Nb8d7
15.Qd3g3 Bf6e5
16.Qg3g6 Qe6xg6
17.Nh8xg6 Be5d4
18.Nc3e2 Bd4c5
19.b3 Kf7
20.Ng6h8 Ke6
21.Ne2f4 Kf6
22.Bc1b2 Nd7e5
23.Nf4d3 Bc5d6
24.f4 Bd6c7
25.Bb2xe5 Bc7xe5
26.Nd3xe5 { resign }
1-0

[Event "Tourn. n9411"]
[Site "www.chess-mail.com"]
[Date "2017.06.18"]
[Round "1"]
[White "Cjood"]
[Black "Claymil"]
[WhiteElo "1880"]
[BlackElo "2070"]
[Result "0-1"]
[Round "1"]
1.e4 c5
2.Ng1f3 Nb8c6
3.Bf1c4 e6
4.c3 g6
5.d4 cxd4
6.Nf3xd4 Bf8g7
7.Nd4xc6 bxc6
8.Bc1e3 d5
9.exd5 cxd5
10.Bc4b5 Bc8d7
11.Bb5xd7 Qd8xd7
12.O-O Ng8e7
13.Be3d4 e5
14.Bd4c5 Ra8c8
15.Bc5b4 Ne7c6
16.Bb4c5 Nc6e7
17.Bc5xe7 Kxe7
18.Qd1f3 f5
19.Rf1e1 Rh8e8
20.Nb1d2 Kf7
21.Qf3e2 e4
22.Ra1c1 a5
23.Nd2b3 a4
24.Nb3d4 Rc8c4
25.Re1d1 Qd7c8
26.a3 Bg7xd4
27.Qe2d2 Bd4f6
28.Qd2xd5 Kg7
29.Rd1d2 Re8d8
30.Qd5a5 Rd8xd2
31.Qa5a7 Qc8c7
{ resign }
0-1

[Event "Match"]
[Site "www.echecsemail.com"]
[Date "2017.06.18"]
[Round "1"]
[White "Ledzepp"]
[Black "Redapond1"]
[WhiteElo "1500"]
[BlackElo "1850"]
[Result "1-0"]
[Round "1"]
1.e4 e5
2.d4 f6
3.dxe5 fxe5
4.Qd1h5 g6
5.Qh5xe5 Qd8e7
6.Qe5xc7 Qe7xe4
7.Ng1e2 Qe4xc2
8.Qc7e5 Ng8e7
9.Qe5xh8 Nb8c6
10.Qh8f6 Nc6b4
11.Ne2d4 Qc2xc1
12.Ke2 Qc1xb2
13.Nb1d2 Qb2xa1
14.g3 Ne7c6
15.Bf1g2 Qa1xa2
16.Nd4xc6 dxc6
17.Qf6e5 Qa2e6
18.Nd2f3 Qe6xe5
19.Nf3xe5 a5
20.Ne5c4 a4
21.Nc4b6 Ra8b8
22.Nb6xa4 Rb8a8
23.Na4b6 Ra8a2
24.Kf3 Bc8f5
25.Rh1e1 Kf7
26.Nb6c4 Bf8c5
27.Nc4e5 Kg7
28.g4 Ra2xf2
29.Kg3 Rf2d2
30.gxf5 Bc5d6
31.fxg6 hxg6
32.Kf3 Bd6xe5
33.Re1xe5 Nb4d3
34.Re5e7 Kf6
35.Re7xb7 Nd3e5
36.Kg3 Rd2d3
37.Kf4 g5
38.Ke4 Rd3d2
39.Bg2f1 Rd2xh2
40.Rb7b8 Rh2h4
41.Ke3 c5
42.Rb8b6 Kf5
43.Rb6b5 c4
44.Rb5c5 Rh4e4
45.Kd2 g4
46.Bf1g2 Re4f4
47.Ke3 g3
48.Bg2h3 { resign }
1-0

[Event "Match"]
[Site "www.echecsemail.com"]
[Date "2017.06.18"]
[Round "1"]
[White "Sonny1000"]
[Black "Mrynmryn"]
[WhiteElo "1420"]
[BlackElo "1720"]
[Result "1-0"]
[Round "1"]
1.d4 d5
2.c3 Ng8f6
3.f3 e6
4.b4 Bf8d6
5.Qd1a4 Bc8d7
6.b5 a6
7.Nb1a3 O-O
8.Qa4b3 axb5
9.Na3xb5 Bd7xb5
10.Qb3xb5 b6
11.a4 Ra8a5
12.h4 Ra5xb5
13.axb5 Nb8d7
14.g4 Qd8e7
15.g5 Nf6h5
16.Ra1a7 Bd6g3
17.Kd1 Rf8c8
18.Ng1h3 c5
19.dxc5 Rc8xc5
20.Ra7a8 Nd7f8
21.e3 Bg3xh4
22.Bc1b2 Bh4xg5
23.Nh3xg5 Qe7xg5
24.Ke2  { time }
1-0

[Event "Match"]
[Site "www.echecsemail.com"]
[Date "2017.06.18"]
[Round "1"]
[White "Wagner"]
[Black "Stevep84"]
[WhiteElo "1870"]
[BlackElo "2050"]
[Result "0-1"]
[Round "1"]
1.e4 c6
2.c4 d5
3.e5 Bc8f5
4.d3 dxc4
5.d4 b5
6.b3 cxb3
7.axb3 e6
8.Ng1f3 Bf8b4
9.Bc1d2 Bb4xd2
10.Qd1xd2 Ng8e7
11.Nb1a3 O-O
12.h3 Nb8d7
13.Qd2e3 a5
14.Bf1e2 Ne7d5
15.Qe3c1 Qd8b6
16.g4 Bf5e4
17.O-O a4
18.b4 Nd5xb4
19.Qc1c3 Nb4d5
20.Qc3d2 Rf8d8
21.Nf3g5 Be4g6
22.Be2f3 Nd5c7
23.Bf3e4 Bg6xe4
24.Ng5xe4 Nd7xe5
25.Qd2g5 Ne5f3
{ resign }
0-1

[Event "Match"]
[Site "www.echecsemail.com"]
[Date "2017.06.18"]
[Round "1"]
[White "Cristiano"]
[Black "Bjonil60"]
[WhiteElo "1830"]
[BlackElo "1460"]
[Result "0-1"]
[Round "1"]
1.f4 f5
2.Ng1f3 Ng8f6
3.g3 e6
4.Bf1g2 Nb8c6
5.d3 Bf8e7
6.e3 O-O
7.Nb1c3 a6
8.O-O d6
9.e4 fxe4
10.dxe4 e5
11.f5 b6
12.Rf1e1 b5
13.Nc3d5 Nf6xd5
{ resign }
0-1

[Event "Match"]
[Site "www.echecsemail.com"]
[Date "2017.06.18"]
[Round "1"]
[White "Ketchuplover"]
[Black "Irene"]
[WhiteElo "1790"]
[BlackElo "2130"]
[Result "0-1"]
[Round "1"]
1.e4 e5
2.f4 exf4
3.Bf1c4 Ng8f6
4.d3 Bf8b4
5.c3 Bb4d6
6.Ng1h3 h6
7.Nh3xf4 O-O
8.O-O Rf8e8
9.Bc1e3 a6
10.Nb1d2 c5
11.Qd1b3 Re8e7
12.Nf4g6 b5
13.Ng6xe7 Qd8xe7
14.Bc4d5 Nb8c6
15.Bd5xc6 dxc6
16.Ra1e1 Nf6g4
17.Be3f4 Bc8e6
18.c4 Bd6xf4
19.Rf1xf4 Qe7h4
20.Nd2f3 Qh4f2
21.Kh1 g5
22.Rf4xg4 Be6xg4
23.Re1g1 Bg4xf3
24.gxf3 Qf2xf3
25.Rg1g2 Ra8d8
26.cxb5 cxb5
27.Kg1 Rd8xd3
{ resign }
0-1

[Event "Match"]
[Site "www.echecsemail.com"]
[Date "2017.06.18"]
[Round "1"]
[White "Azocarwagner"]
[Black "Cjood"]
[WhiteElo "1869"]
[BlackElo "2000"]
[Result "0-1"]
[Round "1"]
1.e4 e6
2.Ng1f3 d5
3.Nf3e5 dxe4
4.Nb1c3 Qd8d4
5.Ne5g4 f5
6.Ng4e3 Ng8f6
7.h3 Bf8d6
8.g3 a6
9.Bf1e2 Nb8c6
10.a3 b5
11.b4 Bc8b7
12.Bc1b2 Qd4b6
13.a4 Nc6xb4
14.Bb2a3 Nb4d5
15.Ba3xd6 cxd6
16.a5 Qb6c5
17.O-O f4
18.Ne3g2 f3
19.Ng2e3 Nd5xe3
20.fxe3 fxe2
21.Qd1xe2 O-O
22.g4 g5
23.Qe2h2 b4
24.Nc3a4 Qc5xc2
25.Rf1d1 Ra8d8
26.Rd1c1 Qc2b3
27.Rc1b1 Qb3c4
28.Na4b6 Qc4c5
29.Rb1c1 Qc5b5
30.Rc1c7 Bb7c6
31.Qh2g3 Qb5d3
32.Rc7xc6 Qd3xd2
33.Nb6c4 Qd2c3
34.h4 Qc3xa1
35.Kh2 gxh4
36.Qg3xh4 Rd8d7
37.Qh4g5 Kh8
38.Qg5h6 Nf6xg4
{ resign }
0-1

[Event "Match"]
[Site "www.echecsemail.com"]
[Date "2017.06.18"]
[Round "1"]
[White "Ketchuplover"]
[Black "Mrynmryn"]
[WhiteElo "1790"]
[BlackElo "1690"]
[Result "1-0"]
[Round "1"]
1.g3 d5
2.Bf1g2 e5
3.d3 Ng8f6
4.h3 Bf8d6
5.Ng1f3 Bc8e6
6.O-O O-O
7.Nb1d2 c5
8.b3 Nb8c6
9.Bc1b2 Qd8c7
10.e4 d4
11.Nd2c4 b5
12.Nc4xd6 Qc7xd6
13.a3 a5
14.Nf3xe5 Nc6xe5
15.f4 Ra8c8
16.fxe5 Qd6xe5
17.Rf1f3 Rf8d8
18.Bb2c1 Nf6h5
19.Bc1f4 Nh5xf4
20.gxf4 Qe5h5
21.f5 Be6d7
22.Rf3g3 Qh5xd1
23.Ra1xd1 Bd7c6
24.e5  { time }
1-0

[Event "Match"]
[Site "www.echecsemail.com"]
[Date "2017.06.18"]
[Round "1"]
[White "Caspito"]
[Black "Raulazo"]
[WhiteElo "1920"]
[BlackElo "1830"]
[Result "1-0"]
[Round "1"]
1.e4 e5
2.Ng1f3 Nb8c6
3.Bf1c4 h6
4.c3 Ng8f6
5.d3 Bf8c5
6.O-O O-O
7.Bc4d5 Nc6e7
8.Nf3xe5 d6
9.d4 dxe5
10.dxc5 c6
11.Bd5c4 Bc8e6
12.Bc4xe6 fxe6
13.Qd1e2 Nf6d7
14.Qe2g4 Rf8f6
15.Nb1d2 Rf6g6
16.Qg4h3 Nd7xc5
17.Nd2c4 Nc5xe4
18.Nc4e3 Qd8f8
19.Ne3g4 Qf8f5
20.Bc1xh6 Rg6xg4
21.Bh6e3 Ne7g6
22.f3 Rg4h4
23.Qh3xf5 exf5
24.g3 Ne4xg3
25.hxg3 Rh4h7
26.Kg2 f4
27.Be3c5 fxg3
28.Rf1h1 Ng6f4
29.Kxg3 Nf4h5
30.Kg4 Nh5f6
31.Kf5 Nf6d7
32.Bc5d6 Rh7h6
33.Bd6xe5 Ra8f8
34.Ke4 Rh6e6
35.f4 Nd7c5
36.Kd4 Nc5a4
37.b4 Rf8d8
38.Kc4 b5
39.Kb3 Re6g6
40.f5 Rg6g5
41.Ra1f1 Na4b6
42.Rh1g1 Rg5xg1
43.Rf1xg1 Rd8d7
44.Rg1g6 Nb6c4
45.Be5d4 Nc4d2
46.Kc2 Nd2f3
47.f6 Nf3h4
48.Rg6g4 Nh4f5
49.Kb3 Kf7
50.fxg7 Kg8
51.a4 Nf5xg7
52.axb5 cxb5
53.c4 bxc4
54.Kxc4 Rd7c7
55.Kb5 Rc7b7
56.Ka6 Rb7xb4
57.Rg4xg7 Kf8
58.Rg7g4 Rb4a4
59.Kb5 Ra4a2
60.Kc6 a5
61.Rg4g3 a4
62.Kb5 Kf7
63.Rg3e3 Ra2d2
64.Bd4c3 Rd2a2
65.Kb4 a3
66.Kb3 Ra2g2
67.Kxa3 Kg6
68.Re3f3 Rg2c2
69.Kb3 Rc2c1
70.Kc4 Kh5
71.Rf3g3 Kh4
72.Rg3g8 Rc1c2
73.Kd3 Rc2a2
74.Ke4 Ra2a4
75.Bc3d4 Ra4c4
76.Ke5 Rc4a4
77.Bd4e3 Ra4a5
78.Kf4 Ra5a4
79.Kf3 Kh5
80.Rg8g5 Kh4
81.Rg5g6 Kh5
82.Rg6h6 { resign }
1-0

[Event "Tourn. n9309"]
[Site "www.chess-mail.com"]
[Date "2017.06.19"]
[Round "1"]
[White "Pdebonis"]
[Black "Sbb"]
[WhiteElo "2570"]
[BlackElo "2510"]
[Result "1/2-1/2"]
[Round "1"]
1.d4 Ng8f6
2.c4 g6
3.Nb1c3 d5
4.cxd5 Nf6xd5
5.e4 Nd5xc3
6.bxc3 Bf8g7
7.Ng1f3 c5
8.Ra1b1 O-O
9.Bf1e2 cxd4
10.cxd4 Qd8a5
11.Bc1d2 Qa5xa2
12.O-O Bc8g4
13.Bd2g5 h6
14.Bg5e3 Nb8c6
15.d5 Nc6a5
16.Be3c5 b6
17.Bc5xe7 Rf8e8
18.d6 Na5c6
19.Be2b5 Nc6xe7
20.Bb5xe8 Ra8xe8
21.dxe7 Qa2a3
22.h3 Bg4e6
23.Nf3d4 Qa3xe7
24.Nd4xe6 Qe7xe6
25.Qd1a4 Re8e7
26.f3 Re7c7
27.Rf1d1 Bg7e5
28.Rd1d8 Kg7
29.Qa4a3 Kh7
30.Rb1d1 h5
31.Qa3f8 Qe6f6
32.Kf1 Qf6f4
33.Rd8c8 Rc7xc8
34.Qf8xc8 Be5d6
35.Qc8c4 a5
36.Rd1d5 h4
37.Rd5d4 Kg8
38.Qc4d3 Bd6e7
39.Qd3b3 { draw }
1/2-1/2

[Event "Tourn. n9369"]
[Site "www.chess-mail.com"]
[Date "2017.06.19"]
[Round "1"]
[White "Falcoale"]
[Black "Balbyns"]
[WhiteElo "1990"]
[BlackElo "1880"]
[Result "0-1"]
[Round "1"]
1.e4 c5
2.Ng1f3 e6
3.Bf1c4 d5
4.exd5 exd5
5.Bc4e2 Ng8f6
6.O-O Bf8e7
7.h3 O-O
8.d3 Nb8c6
9.b3 Rf8e8
10.Bc1b2 d4
11.Nb1d2 b6
12.Nf3h2 Bc8b7
13.Be2f3 Qd8c7
14.Nd2e4 Nf6xe4
15.Bf3xe4 Be7d6
16.Qd1h5 Bd6xh2
17.Kh1 g6
18.Qh5f3 Bh2e5
19.a3 Re8e6
20.Qf3d1 Nc6e7
21.Bb2c1 Bb7xe4
22.dxe4 d3
23.Ra1b1 dxc2
24.Qd1xc2 Ra8d8
25.f4 Be5g7
26.f5 Re6d6
27.Bc1f4 Bg7d4
28.Bf4xd6 Qc7xd6
29.fxg6 hxg6
30.Qc2c4 Qd6e6
31.Qc4e2 Ne7f5
32.Qe2f3 Qe6xe4
33.Rb1e1 Qe4xf3
34.Rf1xf3 Kf8
35.g3 Nf5xg3
36.Rf3xg3 Bd4f2
37.Rg3e3 Bf2xe1
38.Re3xe1 Rd8d3
39.Re1b1 Rd3xh3
40.Kg2 Rh3d3
{ resign }
0-1